000 01510cam a2200193 4500
001 X105457
008 000000n2000 000 0 eng u
035 _a(Sirsi) u105457
245 _aTrafford MBC v Going Places Leisure Travel Ltd
260 _c2000
490 _aPlanning Appeal Decisions
_v15 PAD 239-246(8)
520 _aT/APP/Q4245A/99/1022/P2 Change of use-non-food retail warehouse to travel agency-previously unoccupied-in retail park-application for continued use-Unitary Development Plan-criteria for proposals for retail development outside town and district centres-sequential approach to site select-national policy advice-PPG26 and 13-Parliamentary Answer-whether new retail development for purpose of demonstrating need-"essentiallly similar activiies"-conditions-vitality and viability of an exisitng centre-impact offset by removal of impact from permitted retail warehouse use-means of public and privatge trasport to retail park-cycle accessibility-effect on verall travel patterns and car use-likely to result in limted reductions in vehicle Co2 and other emissions-alternative sites-suitability and availability-impact of competition on established smaller businesses-terms of modifed condition-retention of others(Headnote from journal article)
650 _aTRAFFORD MBC V GOING PLACES TRAVEL LTD
650 _aCHANGE OF USE
650 _aTRAVEL AGENCY
650 _aRETAIL DEVELOPMENT
690 _aENVIRONMENTAL AND LAND CONSULTANCY-PLANNING AND DEVELOPMENT
942 _n0
999 _c100400
_d100400